| 000 -CABECERA |
| fixed length control field |
01411nam a22002297a 4500 |
| 003 - IDENTIFICADOR DEL NÚMERO DE CONTROL |
| control field |
AR-CdUCM |
| 008 - DATOS DE LONGITUD FIJA--INFORMACIÓN GENERAL |
| fixed length control field |
190312b ||||| |||| 00| 0 spa d |
| 020 ## - NÚMERO INTERNACIONAL ESTÁNDAR DEL LIBRO |
| ISBN |
9786124115196 |
| 040 ## - FUENTE DE LA CATALOGACIÓN |
| Agencia/entidad que catalogó originalmente la obra |
MUNICIPALIDAD PROVINCIAL DEL CUSCO |
| Entidad que transcribió la catalogación |
BIBLIOTECA MUNICIPAL DEL CUSCO |
| 082 ## - NÚMERO DE LA CLASIFICACIÓN DECIMAL DEWEY |
| No. de Clasificación |
347.4/B81C |
| Notacion interna |
B81C |
| 100 ## - ENTRADA PRINCIPAL--NOMBRE DE PERSONA |
| Nombre Personal |
Bravo Melgar, Sidney Alex |
| 245 ## - MENCIÓN DE TÍTULO |
| Título |
Contratos modernos empresariales : |
| Resto del título |
Contratos atípicos e innominados / |
| Mención de responsabilidad |
Sidney Alex Bravo Melgar |
| 260 ## - PUBLICACIÓN, DISTRIBUCIÓN, ETC. |
| Lugar de publicación, distribución, etc. |
Lima : |
| Nombre de la editorial, distribuidor, etc. |
Eds. Legales, |
| Fecha de publicación, distribución, etc. |
2016. |
| 300 ## - DESCRIPCIÓN FÍSICA |
| Nº de Páginas Extensión |
891 páginas. : |
| Dimensiones |
24x17 cm. |
| 505 ## - NOTA DE CONTENIDO CON FORMATO |
| Nota de contenido formateada |
Contenido: Franchising -- Know-how -- El factoring -- Undewriting -- Joint venture -- Leasing -- Fideicomiso --Swap -- Pool -- Renting -- Compra venta internacional -- Engineering -- Countertrade -- Barter -- Concesión -- Distribución -- Management -- Corretaje -- Sponsorship -- Credit card -- Merchandising -- Contratos infomáticos --Commodities --Consulting -- Agency -- Securitización -- Outsourcing -- Hedging -- Forfaiting -- Forward -- Confirming -- Reporto -- Contratos electrónicos |
| 650 ## - PUNTO DE ACCESO ADICIONAL DE MATERIA--TÉRMINO DE MATERIA |
| Descriptor |
Contratos comerciales-- -Aspectos legales-- -Perú |
| 9 (RLIN) |
45352 |
| 650 ## - PUNTO DE ACCESO ADICIONAL DE MATERIA--TÉRMINO DE MATERIA |
| Descriptor |
Contratos (Derecho civil)-- -Aspectos Legales-- -Perú |
| 9 (RLIN) |
45353 |
| 650 ## - PUNTO DE ACCESO ADICIONAL DE MATERIA--TÉRMINO DE MATERIA |
| Descriptor |
Derecho civil (Obligaciones y contratos)-- -Perú |
| 9 (RLIN) |
45354 |
| 650 ## - PUNTO DE ACCESO ADICIONAL DE MATERIA--TÉRMINO DE MATERIA |
| Descriptor |
Derecho comercial-- -Legislación-- -Perú-- -Interpretación y aplicación |
| 9 (RLIN) |
45355 |
| 942 ## - ELEMENTOS DE PUNTO DE ACCESO ADICIONAL (KOHA) |
| Fuente de clasificación |
|
| Tipo de item |
Libros-BMC |
| 945 ## - PROCESAMIENTO DE INFORMACIÓN LOCAL (OCLC) |
| Catalogador |
Roel |